Rozpoznaj piosenki po fragmencie tekstu! - Statystyki

Ogólne statystyki
  • Ten quiz został rozwiązany 409 razy
  • Średni wynik to 15 z 60
Statystyki odpowiedzi
NR Fragment piosenki Wykonawca/Zespół % Poprawnych
12.1 Stała pod ścianą sącząc kakao Kapela cięła walca na sześć Spytałem skromnie: "czy pójdziesz do mnie?" Kiwnęła głową zgadzając się Trzeba zawsze żyć biegnącą chwilą Na co komu dziś wczorajszy dzień Lady Pank
72%
12.2 Tytuł piosenki Na co komu dziś
69%
28.2 Tytuł piosenki Dziewczyna Szamana
67%
9.2 Tytuł piosenki Co ty tutaj robisz
58%
9.1 Już każdy powiedział to co wiedział Trzy razy wysłuchał dobrze mnie Wszyscy zgadzają się ze sobą A będzie nadal tak jak jest I co ja robię tu (u-u, co ty tutaj robisz) Są takie rzeczy że nikt nie zaprzeczy Po co tu się głowić? Z daleka słychać szum (u-u, co ty tutaj robisz) Dla wielkich oraz osłów, by się rzucić z mostu No i łowić Elektryczne gitary
53%
17.1 Gdy ktoś, kto mi jest światełkiem Gaśnie nagle w biały dzień Gdy na drodze za zakrętem Przeznaczenie spotka mnie Czy w bezsilnej złości łykając żal Dać się powalić Czy się każdą chwilą bawić Aż do końca wierząc, że Los inny mi pisany jest Perfect
51%
28.1 Dziewczyna szamana Nie zazna nigdy snu Dziewczyna szamana Nie posłucha waszych słów Rozpalone węgle Ciągle chłonie z jego warg Jak kapłanka diabła Chce u stóp szamana spać Byle nie ja... Byle nie z nim... Justyna Steczkowska
50%
10.2 Tytuł piosenki Cichosza
49%
14.1 Jesienią zawsze zaczyna się szkoła A w knajpach zaczyna się picie Jest tłoczno i duszno, olewa nas kelner I tak skończymy o świcie Jesienią zawsze myślę o latach Tak starych, jak te kamienice Jesienią o zmroku przechodzę z tobą Przez pełne kasztanów ulice T.Love
47%
13.1 Mów - chcę tego bardziej niż Ty sam Miłość mocniejsza jest od skał Obiecaj mi lawinę uniesienia Mów - chcę być przy Tobie blisko tak Wiem, że tych słów nie zmieni czas Dopóki jest, dopóki jest nadzieja Bajm
45%
14.2 Tytuł piosenki Warszawa
44%
3.1 Najchętniej zamknąłbym Cię w klatce, Bo kocham na Ciebie patrzeć Naprawdę na dużo mnie stać To wszystko czego chcę To wszystko czego mi brak To wszystko czego ja nigdy nie będę miał To wszystko czego chcę To wszystko czego mi brak To wszystko czego ja nigdy nie będę miał Otwórz oczy zobacz sam Przed nami mgła Myslovitz
43%
10.1 Na ulicach cichosza Na chodnikach cichosza Nie ma Mickiewicza I nie ma Miłosza Tu cichosza tam cicho Szaro brudno i śnieży Nie ma kosmonautów I nie ma papieży Grzegorz Turnau
41%
25.1 Musisz odnaleźć nadzieję I nie ważne, że nazwą Ciebie głupcem Musisz pozwolić, by sny Sprawiły byś pamiętał, że Nic, naprawdę nic nie pomoże Jeśli Ty nie pomożesz dziś miłości Nic, naprawdę nic nie pomoże Jeśli Ty nie pomożesz dziś miłości Hey
41%
25.2 Tytuł piosenki Moja i twoja nadzieja
40%
16.1 Cierpiałem nieraz, nie myślałem wcale, Abym przed tobą szedł wylewać żale; Idąc bez celu, nie pilnując drogi, Sam nie pojmuję, jak w twe zajdę progi; I wchodząc sobie zadaję pytanie; Co mnie tu wiodło? przyjaźń czy kochanie Marek Grechuta
38%
17.2 Tytuł piosenki Niepokonani
37%
30.1 Gdy w domu mówią, że mam na to jeszcze czas Przytakuję, oh yeah! Ja mam to gdzieś od kiedy jesteś tylko mój Tylko dla mnie, oh yeah! To wszystko nieważne, jesteśmy dla siebie Po co to ukrywać i udawać, ja Chcę twojego ciała, zróbmy to natychmiast Teraz, teraz, teraz! O.N.A
35%
2.1 Wiem dobrze wiem potrafię ranić tak jak nikt Przykro mi, nie wiem, co robić, gdy płaczesz Już nie śmiejesz się jak kiedyś wszystko jest inaczej Kolejny raz proszę cię o ostatnią szansę Varius Manx
34%
3.2 Tytuł piosenki Dla ciebie
32%
13.2 Tytuł piosenki Ta sama chwila
32%
1.1 W salonie wśród ciepłych świec Już nigdy nie zbudzisz mnie Już nigdy nie powiesz mi Jak bardzo kochałeś mnie Kochałeś mnie, kochałeś mnie... Czy słyszysz jak tam daleko muzyka gra? Edyta Bartosiewicz
29%
4.2 Tytuł piosenki Kroplą deszczu
29%
11.1 Tak przemijasz w miejscu, Spalasz się, Jak pustynny w słońcu głaz. Wszelki ruch to tylko Pozór jest. Tylko czas do przodu gna. To twój los, Zatrzymany w biegu kadr. Martwe morze stoi wokół nas I nadziei brak na wiatr Budka Suflera
26%
1.2 Tytuł piosenki Ostatni
26%
15.1 Zima na ramiona moje spadła Niewinnością białym śniegiem Pierwsza gwiazda już na niebie Nie ma nie ma ciebie Śnieg zasypał dzisiaj wszystkie drogi Niewinnością białym płaszczem Twoich śladów nie wypatrzę Nie mam cię na zawsze Kayah
25%
4.1 Tak, to ja, moim sługą deszcz Wiekich powstań i upadków mężem Groźnych pieśni zapisanych nut Swoich marzeń otępiałym więźniem Tak, to ja, a przy mnie Twoja twarz Gabriel Fleszar
24%
2.2 Tytuł piosenki Piosenka księżycowa
24%
18.2 Tytuł piosenki Zakręcona
23%
8.1 Nie mów, proszę: „Wszystko mija, tak jak z drzew odpadną liście”, przecież po najgorszej zimie będzie wiosna, nowe kwitną bzy i nikt już nikt nie będzie płakać Andrzej Piaseczny
22%
27.1 Słodkie żywioły we mnie śpią Mogę lawiną runąć złą Żarem pustyni spalam cię Fatamorganą staję się Czasem jak odpływ zwalam z nóg Czasem jak przypływ sięgam ust A gdy pogodną chwilę masz Spadam jak mgła Edyta Górniak
22%
16.2 Tytuł piosenki Niepewność
22%
18.1 Nie, to nie ja się kręcę To zawirował świat Już nie pamiętam kiedy Bawiłam się aż tak Powiedz jak możesz stać Kiedy wszystko wokół tańczy Głupia mina już nie wystarczy Reni Jusis
22%
19.1 Kiedy pierwszy raz przytuliła mnie, czułam się, jakbym była dzieckiem. Dzisiaj świat mogę zamknąć w jednej dłoni, lecz nigdy już nie zapomnę tamtych łez. Mówię tak (mówię, mówię), mówię nie (mówię, mówię), Bywa, że (bywa, bywa) czasem jestem dziwna jak to miasto Beata Kozidrak
21%
7.2 Tytuł piosenki Na falochronie
20%
24.1 Wiatr kołysze mnie lekko i spokojnie Jak w cichym i słodkim śnie Jeśli ty jesteś moim aniołem, Proszę, usiądź obok mnie wygodnie, przyznaj się Czy wiedziałeś, że... On kocha ją, nie mnie Czy nie wiesz, jak to rani mnie? W sercu czuję ból, w oczach łzy Powiedz teraz mi... Urszula
18%
26.1 I dokładnie tak, tak smakuje ten lęk I strach, a gdy skończy się dzień Tak spokojnie mi odpowiesz... Mogę zwątpić w to, co dzieje się Kiedy każesz mi dążyć Tam gdzie jest niepewny cel Może nie chcę w taki sposób żyć Nie chcę być twoim grzechem Który wolisz z siebie zmyć Kasia Kowalska
16%
8.2 Tytuł piosenki Imię deszczu
15%
27.2 Tytuł piosenki Jestem kobietą
15%
11.2 Tytuł piosenki Martwe morze
15%
6.2 Tytuł piosenki Małe szczęścia
13%
15.2 Tytuł piosenki Nie ma nie ma ciebie
13%
5.1 Miną lata, gwiazdy zgasną, Fotografie w głowie zasną. Gdy nas ludzka złość rozłączy Ja i tak odnajde Cię... Kiedy rozum każe zwiątpić... Czekaj zadrży świecy płomień Bo po drugiej rzeki stronie, Ja dobrze wiem, tam ogród jest. Seweryn Krajewski
13%
21.1 I tak nagle przyszło im kończyć Pod zimnym niebem, zasłanym śniegiem Nic nas już chyba nie łączy, mówi on I po chwili płaczą oboje, lecz w głębi serca płaczą ze szczęścia To co wspólne dzielą na dwoje w tę noc... Anita Lipnicka
10%
6.1 Póki śmiech tłumi łzy Cieszą nas zwykle dni Warto żyć, warto śnić, warto być Póki wciąż mamy sny Krąży w nas czerwień krwi Warto śmiać, cieszyć się, warto Kochać Robert Janson
10%
29.2 Tytuł piosenki Rowery dwa
10%
19.2 Tytuł piosenki Taka Warszawa
9%
30.2 Tytuł piosenki Znalazłam
8%
29.1 Jadę swawolnie z góry na rowerze, Jestem podniecony, czuję się jak zwierzę. Z boku towarzysz - raźno pedałuje, Bieg zredukował, siły nie żałuje. Patrzę - na łące pasą się jałówki, Jędrne jałówki na zboczu gubałówki. Koleś zahamował, zajechał mi drogę, Znowu przez kobiety z gleby wstać nie mogę. Yaro
7%
24.2 Tytuł piosenki Anioł wie
6%
26.2 Tytuł piosenki A to co mam
6%
23.1 Po lekkich śladach bosych stóp Czasem się lawina śle. A wielki grzmot i błysk czarnych chmur Z ziemią też spotkania chce. I mały motyl wie, gdzie jego brzeg. Natura już ubiera Cię. A krawcy świata zły szyją strój. Nie daj się już... De su
6%
23.2 Tytuł piosenki Życie cudem jest
5%
21.2 Tytuł piosenki Historia jednej miłości
4%
22.1 Ciągle się dziwię Że tak niewiele jest tylko moich miejsc Znowu nie zdążę Nawet do myśli swych przyzwyczaić się W podróży mojej Między nocą a dniem Szybko minę cię Bardzo się boję Kiedy zawołam cię nie poznasz mnie Natalia Kukulska
4%
7.1 Powiedz mi, dlaczego tak ma być Że liczę każdy dzień I w gardle mam te same łzy Powiedz mi, kto dał im prawo walk Na baczność stawiać sny Zapiąć mnie w brązowy pas Emigranci i Paweł Kukiz
3%
20.2 Tytuł piosenki Nie pytaj mnie
1%
20.1 Świat oszalał! Nie wiadomo jak żyć Kiedy sensu nie ma Już prawie nic Muszę robić to co robię Robię to co chcę I nawet się nie staraj Zatrzymać mnie Tomek Lipiński
1%
22.2 Tytuł piosenki W biegu
1%
5.2 Tytuł piosenki Czekam na tę jedną chwilę
0%
Nie znaleziono quizów pasujących do podanych kryteriów
Rozkład punktacji
Procent ludzi z każdym wynikiem
Percentyl według liczby udzielonych odpowiedzi
Twoja historia wyników
Nie rozwiązałeś tego quizu